[Event "Leicestershire County Championship"]
[Site "Wigston"]
[Date "2010.05.27"]
[Round "1"]
[White "Bingham, James T"]
[Black "Colburn, Paul"]
[Result "0-1"]
[WhiteElo "1846"]
[BlackElo "2010"]
[PlyCount "84"]
[EventDate "2010.05.27"]
[EventType "swiss"]
[EventRounds "6"]
[EventCountry "ENG"]

1. d4 Nf6 2. c4 c5 3. d5 b5 4. cxb5 a6 5. b6 Bb7 6. Nc3 e6 7. e4 exd5 8. exd5
d6 9. Bc4 Nbd7 10. Nge2 Nxb6 11. b3 g6 12. O-O Bg7 13. Rb1 O-O 14. Bg5 Qd7 15.
Qd3 Ng4 16. f4 f5 17. h3 Nf6 18. b4 Nxc4 19. Qxc4 Rfc8 20. b5 axb5 21. Qxb5
Qxb5 22. Nxb5 Bxd5 23. Nxd6 Rc6 24. Nb5 Ne4 25. Rbc1 Bxa2 26. Ned4 Rcc8 27. Nf3
Rab8 28. Na3 c4 29. Nc2 Bb2 30. Rce1 Re8 31. Bh4 c3 32. Nfd4 Bc4 33. Rf3 Nd2
34. Rfe3 Rxe3 35. Rxe3 Ne4 36. g4 Bc1 37. Re1 Bd2 38. Ra1 fxg4 39. Nc6 Re8 40.
Ne5 Bb3 41. Nd4 Be3+ 42. Bf2 Bxf2+ 0-1

[Event "Leicestershire County Championship"]
[Site "Wigston"]
[Date "2010.05.27"]
[Round "1"]
[White "Booley, Graham M"]
[Black "Horspool, Philip J"]
[Result "0-1"]
[WhiteElo "1906"]
[BlackElo "2146"]
[PlyCount "58"]
[EventDate "2010.05.27"]
[EventType "swiss"]
[EventRounds "6"]
[EventCountry "ENG"]

1. e4 e5 2. Nf3 Nc6 3. Bb5 Bc5 4. c3 Qf6 5. d3 Nge7 6. O-O h6 7. Be3 Bb6 8. d4
O-O 9. d5 Nb8 10. Bxb6 axb6 11. Bd3 d6 12. h3 Ng6 13. Nh2 Nf4 14. Qf3 Qg5 15.
Kh1 f5 16. exf5 Nxd3 17. Qxd3 Bxf5 18. Qg3 Qxg3 19. fxg3 Bxb1 20. Rfxb1 Rf2 21.
Ng4 Rd2 22. c4 Nd7 23. Kg1 Rc2 24. Ne3 Re2 25. Nf5 Rc2 26. Ne3 Re2 27. Nf5 Rf8
28. g4 g6 29. Ng3 Rc2 0-1

[Event "Leicestershire County Championship"]
[Site "Wigston"]
[Date "2010.05.27"]
[Round "1"]
[White "Byron, Alan M"]
[Black "Pattinson, John"]
[Result "1-0"]
[WhiteElo "2194"]
[BlackElo "1978"]
[PlyCount "87"]
[EventDate "2010.05.27"]
[EventType "swiss"]
[EventRounds "6"]
[EventCountry "ENG"]

1. c4 c5 2. g3 g6 3. Bg2 Bg7 4. Nc3 Nc6 5. Nf3 Nf6 6. O-O O-O 7. a3 Rb8 8. Rb1
a5 9. d4 d6 10. d5 Ne5 11. Nd2 b6 12. h3 Bb7 13. f4 Ned7 14. Nf3 Ne8 15. e4 e5
16. f5 h6 17. fxg6 fxg6 18. Be3 Nef6 19. Qd2 Kh7 20. g4 Ng8 21. g5 h5 22. Nb5
Qe7 23. Nc7 Rfc8 24. Nb5 Ra8 25. a4 Ba6 26. Na3 Rf8 27. b3 Rf7 28. Rf2 Raf8 29.
Rbf1 Nb8 30. Nb1 Bc8 31. Nc3 Na6 32. Ne2 Bd7 33. Qd1 Qe8 34. Ng3 Re7 35. Nxh5
gxh5 36. Nh4 Bh6 37. g6+ Kg7 38. Bxh6+ Nxh6 39. Rxf8 Qxf8 40. Rxf8 Kxf8 41.
Qxh5 Kg7 42. Nf5+ Nxf5 43. exf5 Kf6 44. Qh4+ 1-0

[Event "Leicestershire County Championship"]
[Site "Wigston"]
[Date "2010.05.27"]
[Round "1"]
[White "Denton, John"]
[Black "Ganger, Rajan"]
[Result "1-0"]
[WhiteElo "2146"]
[BlackElo "1935"]
[PlyCount "129"]
[EventDate "2010.05.27"]
[EventType "swiss"]
[EventRounds "6"]
[EventCountry "ENG"]

1. Nf3 Nf6 2. g3 d5 3. Bg2 e6 4. O-O Bd6 5. c4 O-O 6. b3 c5 7. Bb2 d4 8. d3 Nc6
9. Nbd2 e5 10. Ne1 Bg4 11. Ne4 Nxe4 12. dxe4 Qd7 13. Nd3 Bh3 14. f3 Bxg2 15.
Kxg2 f5 16. exf5 Qxf5 17. Nf2 Be7 18. Ne4 Nd8 19. Qd3 Ne6 20. Bc1 b6 21. Bd2
Bg5 22. Nxg5 Nxg5 23. Qxf5 Rxf5 24. g4 Rf4 25. e3 Rff8 26. exd4 Nf7 27. dxc5
bxc5 28. Be3 Rac8 29. Rad1 Rfd8 30. Rxd8+ Nxd8 31. Rd1 Ne6 32. Rd5 Nf4+ 33.
Bxf4 exf4 34. Kf2 g6 35. h4 Rc7 36. g5 h6 37. gxh6 Kh7 38. Rd6 Kxh6 39. Rf6 Rd7
40. Ke2 Rd4 41. Rc6 Kh5 42. Rxc5+ Kxh4 43. Rd5 Rxd5 44. cxd5 Kg5 45. Kd3 Kf5
46. Kd4 g5 47. d6 Ke6 48. Ke4 Kxd6 49. Kf5 Kc5 50. a3 Kd4 51. Kxg5 Kc3 52. Kxf4
Kxb3 53. Ke4 Kxa3 54. f4 Kb2 55. f5 a5 56. f6 a4 57. f7 a3 58. f8=Q a2 59. Qb4+
Kc1 60. Qc3+ Kb1 61. Kd3 a1=N 62. Qe1+ Kb2 63. Qd1 Nb3 64. Qc2+ Ka3 65. Kc3 1-0

[Event "Leicestershire County Championship"]
[Site "Wigston"]
[Date "2010.05.27"]
[Round "1"]
[White "Hewitt, Sean D"]
[Black "Sharpe, Graham"]
[Result "1-0"]
[WhiteElo "1951"]
[BlackElo "2178"]
[PlyCount "57"]
[EventDate "2010.05.27"]
[EventType "swiss"]
[EventRounds "6"]
[EventCountry "ENG"]

1. e4 c6 2. d4 d5 3. e5 Bf5 4. Nc3 e6 5. g4 Bg6 6. h4 h5 7. g5 Bf5 8. Bd3 Bxd3
9. Qxd3 g6 10. Nge2 Ne7 11. Ng3 Na6 12. a3 Nc7 13. Be3 Nf5 14. O-O-O b5 15.
Nce2 Qd7 16. c3 Be7 17. Kd2 O-O 18. Rdg1 Ne8 19. Nf4 Neg7 20. Qe2 Nxg3 21. fxg3
Kh7 22. g4 hxg4 23. h5 Nxh5 24. Nxh5 gxh5 25. Rxh5+ Kg7 26. Qxg4 Rh8 27. g6 f5
28. exf6+ Bxf6 29. Rh7+ 1-0

[Event "Leicestershire County Championship"]
[Site "Wigston"]
[Date "2010.05.27"]
[Round "1"]
[White "Potter, Karl H"]
[Black "Morley, Andrew J"]
[Result "1/2-1/2"]
[WhiteElo "1897"]
[BlackElo "2058"]
[PlyCount "91"]
[EventDate "2010.05.27"]
[EventType "swiss"]
[EventRounds "6"]
[EventCountry "ENG"]

1. e4 c5 2. Nf3 Nc6 3. d4 cxd4 4. Nxd4 Nf6 5. Nc3 e5 6. Ndb5 d6 7. Nd5 Nxd5 8.
exd5 Ne7 9. c3 Ng6 10. Qa4 Bd7 11. Qc4 Bxb5 12. Qxb5+ Qd7 13. a4 Ke7 14. Be2 f6
15. O-O Qc7 16. Be3 Kf7 17. Bg4 Be7 18. Be6+ Kf8 19. f4 exf4 20. Bxf4 Nxf4 21.
Rxf4 a6 22. Qb4 g6 23. Rc4 Qd8 24. Qxb7 Kg7 25. Rc7 Re8 26. Rd7 Qb8 27. Rxe7+
Rxe7 28. Qxe7+ Kh6 29. b4 Qb6+ 30. Kh1 f5 31. Qh4+ Kg7 32. Rd1 Ra7 33. Qd4+
Qxd4 34. Rxd4 Rc7 35. c4 Kf6 36. g3 Ke5 37. Rf4 Rb7 38. c5 dxc5 39. bxc5 Rb1+
40. Kg2 Rc1 41. c6 a5 42. h4 h5 43. Kf2 Rc2+ 44. Ke3 Kd6 45. Kd3 Rg2 46. Rf3
1/2-1/2

[Event "Leicestershire County Championship"]
[Site "Wigston"]
[Date "2010.05.27"]
[Round "1"]
[White "Robinson, John K"]
[Black "Farrall, David J"]
[Result "0-1"]
[WhiteElo "2014"]
[BlackElo "1855"]
[PlyCount "95"]
[EventDate "2010.05.27"]
[EventType "swiss"]
[EventRounds "6"]
[EventCountry "ENG"]

1. d4 d5 2. Nf3 c5 3. c4 e6 4. cxd5 exd5 5. Nc3 Be6 6. g3 Nc6 7. Bg2 Qb6 8.
dxc5 Qxc5 9. O-O Nf6 10. Be3 Qa5 11. Nd4 Bb4 12. Ncb5 O-O 13. a3 Be7 14. Rc1
Nxd4 15. Nxd4 Rac8 16. Nxe6 fxe6 17. Bh3 Kf7 18. Bd4 Qa6 19. e3 Rxc1 20. Qxc1
Ne4 21. Qc7 Nd2 22. Bc5 Re8 23. Qf4+ Bf6 24. Re1 Ne4 25. Qc7+ Be7 26. Bf1 Qa4
27. Bd4 b6 28. Bg2 Nd6 29. Qc1 Rc8 30. Qb1 Qc2 31. Bc3 Qxb1 32. Rxb1 Bf6 33.
Bxf6 Kxf6 34. b3 Rc2 35. Bf1 Rc3 36. a4 Ne4 37. Rb2 Nd6 38. Kg2 e5 39. Rd2 Ke6
40. Rb2 e4 41. h4 Nf7 42. Kg1 Ne5 43. Bh3+ Kd6 44. a5 Nf3+ 45. Kg2 bxa5 46. Bg4
Ne5 47. Be2 Kc5 48. Ra2 {Time} 0-1

[Event "Leicestershire County Championship"]
[Site "Wigston"]
[Date "2010.05.27"]
[Round "1"]
[White "Salisbury, Michael W"]
[Black "Tate, Michael J"]
[Result "1-0"]
[WhiteElo "2097"]
[BlackElo "1882"]
[PlyCount "105"]
[EventDate "2010.05.27"]
[EventType "swiss"]
[EventRounds "6"]
[EventCountry "ENG"]

1. e4 e5 2. Nf3 Nc6 3. Bc4 Be7 4. O-O d6 5. h3 Nf6 6. Re1 O-O 7. c3 Na5 8. Bf1
c5 9. d4 Nc6 10. d5 Nb8 11. a4 b6 12. Be3 h6 13. Bd2 Nh7 14. a5 Nd7 15. a6 Ng5
16. Nxg5 Bxg5 17. Na3 Bxd2 18. Qxd2 Nf6 19. f3 Nh5 20. b4 Nf4 21. Qf2 Qg5 22.
Kh2 f5 23. Qg3 Qf6 24. bxc5 bxc5 25. exf5 Bxf5 26. Bb5 Qd8 27. Bc6 Rb8 28. Bb7
Rf6 29. Qf2 Nd3 30. Qd2 Nxe1 31. Rxe1 Rf7 32. Nb5 Bc8 33. Bxc8 Rxb5 34. Be6 Kf8
35. Bxf7 Kxf7 36. f4 exf4 37. Qxf4+ Qf6 38. Qc4 Rb2 39. Re6 Qf2 40. Qe4 Rb8 41.
Re7+ Kf8 42. Rxa7 Re8 43. Qf3+ Qxf3 44. gxf3 Re2+ 45. Kg3 Ra2 46. Kf4 g6 47.
Ra8+ Kf7 48. a7 Kg7 49. Kg4 Ra4+ 50. f4 g5 51. Kg3 gxf4+ 52. Kf3 Kf7 53. Rh8
1-0

[Event "Leicestershire County Championship"]
[Site "Wigston"]
[Date "2010.06.24"]
[Round "2"]
[White "Alvarez Jimenez, Alfonso"]
[Black "Salisbury, Michael W"]
[Result "0-1"]
[WhiteElo "1850"]
[BlackElo "2097"]
[PlyCount "62"]
[EventDate "2010.05.27"]
[EventType "swiss"]
[EventRounds "6"]
[EventCountry "ENG"]

1. d4 Nf6 2. c4 c5 3. d5 b5 4. e3 g6 5. Nf3 Bg7 6. Nbd2 O-O 7. Bd3 bxc4 8. Bxc4
d6 9. O-O Ba6 10. Bxa6 Nxa6 11. e4 Nb4 12. Qe2 a5 13. a3 Na6 14. Rd1 Nd7 15.
Nf1 Ne5 16. Ng3 Nxf3+ 17. Qxf3 Rb8 18. Rb1 c4 19. Qg4 c3 20. Qe2 Qc8 21. Rf1 c2
22. Ra1 Bxb2 23. Ra2 Qc3 24. Qxa6 Bxc1 25. Rxc1 Rb1 26. Qf1 Rb2 27. Raa1 Rfb8
28. Qe2 Rb1 29. Raxb1 cxb1=Q 30. Rxb1 Rxb1+ 31. Nf1 Qxa3 0-1

[Event "Leicestershire County Championship"]
[Site "Wigston"]
[Date "2010.06.17"]
[Round "2"]
[White "Colburn, Paul"]
[Black "Byron, Alan M"]
[Result "0-1"]
[WhiteElo "2010"]
[BlackElo "2194"]
[PlyCount "64"]
[EventDate "2010.05.27"]
[EventType "swiss"]
[EventRounds "6"]
[EventCountry "ENG"]

1. e4 c6 2. e5 d5 3. Ne2 Bf5 4. Ng3 Bd7 5. b4 e6 6. c3 a5 7. b5 cxb5 8. a3 Na6
9. d4 Qc7 10. Bg5 b4 11. axb4 axb4 12. Qb3 Rc8 13. Bxa6 bxa6 14. cxb4 Qb6 15.
O-O Qxd4 16. Nd2 h6 17. Be3 Qxb4 18. Qxb4 Bxb4 19. Rfb1 a5 20. Nh5 g6 21. Nf4
d4 22. Bxd4 Bxd2 23. Nd3 Bc3 24. Bxc3 Rxc3 25. Rb8+ Rc8 26. Rab1 Ne7 27. Nc5
Rxb8 28. Rxb8+ Bc8 29. Ne4 O-O 30. Nf6+ Kg7 31. Ra8 Nc6 32. f4 Bb7 0-1

[Event "Leicestershire County Championship"]
[Site "Wigston"]
[Date "2010.06.17"]
[Round "2"]
[White "Farrall, David J"]
[Black "Denton, John"]
[Result "1-0"]
[WhiteElo "1855"]
[BlackElo "2146"]
[PlyCount "77"]
[EventDate "2010.05.27"]
[EventType "swiss"]
[EventRounds "6"]
[EventCountry "ENG"]

1. d4 Nf6 2. Bg5 d5 3. Bxf6 gxf6 4. e3 Bf5 5. Bd3 Bxd3 6. Qxd3 c6 7. Nc3 e6 8.
Nge2 Nd7 9. O-O f5 10. Nf4 Qc7 11. Nce2 h5 12. b3 Nf6 13. c4 dxc4 14. bxc4
O-O-O 15. Rab1 Kb8 16. Rfd1 Bh6 17. Qb3 h4 18. a4 Bxf4 19. Nxf4 Nh5 20. Nd3 Ka8
21. c5 f4 22. Ne5 h3 23. Nc4 Rhg8 24. Nd6 Rxg2+ 25. Kh1 fxe3 26. Qxe3 b6 27.
Qxh3 Nf4 28. Qf3 Rh8 29. Qxf4 Rhxh2+ 30. Qxh2 Rxh2+ 31. Kxh2 f6 32. Kg2 Qg7+
33. Kf3 f5 34. Rg1 Qh7 35. Rh1 Qg7 36. Rbg1 Qf8 37. Rh7 bxc5 38. dxc5 e5 39.
Rgg7 1-0

[Event "Leicestershire County Championship"]
[Site "Wigston"]
[Date "2010.06.24"]
[Round "2"]
[White "Ganger, Rajan"]
[Black "Booley, Graham M"]
[Result "1/2-1/2"]
[WhiteElo "1935"]
[BlackElo "1906"]
[PlyCount "68"]
[EventDate "2010.05.27"]
[EventType "swiss"]
[EventRounds "6"]
[EventCountry "ENG"]

1. e4 e5 2. Nf3 Nc6 3. Bb5 a6 4. Bxc6 dxc6 5. d4 exd4 6. Qxd4 Bg4 7. Bg5 Qxd4
8. Nxd4 f6 9. Be3 Rd8 10. f3 Bc8 11. Nd2 Bc5 12. N2b3 Bb6 13. c4 Bxd4 14. Nxd4
c5 15. Nc2 b6 16. b4 cxb4 17. c5 bxc5 18. Bxc5 a5 19. a3 b3 20. Nd4 a4 21. Nb5
Rd7 22. Nc3 Rd3 23. Nxa4 Bd7 24. Nb2 Rc3 25. Bd4 Rc2 26. Nd1 c5 27. Ne3 cxd4
28. Nxc2 bxc2 29. a4 Bxa4 30. Kd2 Bc6 31. Ra6 Ne7 32. Ra7 Kf7 33. Rc1 Ra8 34.
Rxa8 Bxa8 1/2-1/2

[Event "Leicestershire County Championship"]
[Site "Wigston"]
[Date "2010.06.17"]
[Round "2"]
[White "Horspool, Philip J"]
[Black "Hewitt, Sean D"]
[Result "1-0"]
[WhiteElo "2146"]
[BlackElo "1951"]
[PlyCount "31"]
[EventDate "2010.05.27"]
[EventType "swiss"]
[EventRounds "6"]
[EventCountry "ENG"]

1. d4 Nf6 2. Bg5 e6 3. e4 Be7 4. Nc3 O-O 5. Bd3 d5 6. e5 Ne8 7. h4 g6 8. Bh6
Ng7 9. h5 Nxh5 10. Rxh5 f5 11. Bxf8 gxh5 12. Bxe7 Qxe7 13. Qxh5 Bd7 14. Nf3 Be8
15. Qg5+ Qxg5 16. Nxg5 1-0

[Event "Leicestershire County Championship"]
[Site "Wigston"]
[Date "2010.06.17"]
[Round "2"]
[White "Morley, Andrew J"]
[Black "Sharpe, Graham"]
[Result "1/2-1/2"]
[WhiteElo "2058"]
[BlackElo "2178"]
[PlyCount "106"]
[EventDate "2010.05.27"]
[EventType "swiss"]
[EventRounds "6"]
[EventCountry "ENG"]

1. e4 c6 2. d4 d5 3. e5 Bf5 4. Nf3 e6 5. Be2 c5 6. Be3 Qb6 7. Nc3 Nc6 8. O-O
Qxb2 9. Nb5 O-O-O 10. c4 a6 11. Nd6+ Bxd6 12. exd6 Rxd6 13. cxd5 Rxd5 14. Bc4
Rd7 15. Rc1 Nf6 16. Qa4 Qb4 17. Qxb4 cxb4 18. Ne5 Rc7 19. Nxc6 Rxc6 20. Bxa6
Rxc1 21. Rxc1+ Kb8 22. Bf4+ Ka7 23. Be2 Nd5 24. Bd2 Kb8 25. g4 Bg6 26. Bf3 Rd8
27. Bxd5 Rxd5 28. Bf4+ Ka7 29. Rc4 Ra5 30. Rxb4 Rxa2 31. Kg2 Be4+ 32. Kg3 Ka6
33. Be5 f6 34. Bf4 b5 35. h4 Ra4 36. Bd2 Kb6 37. Kf4 Bd5 38. g5 Kc6 39. gxf6
gxf6 40. h5 Bh1 41. h6 Rxb4 42. Bxb4 Kd5 43. Ke3 Kc4 44. Be7 Bd5 45. Kd2 f5 46.
Bf6 b4 47. Kc2 b3+ 48. Kb2 Kd3 49. f4 Ke4 50. Be5 Kf3 51. Kc3 Ke2 52. Bd6 Ke3
53. Be5 Ke4 1/2-1/2

[Event "Leicestershire County Championship"]
[Site "Wigston"]
[Date "2010.06.17"]
[Round "2"]
[White "Pattinson, John"]
[Black "Potter, Karl H"]
[Result "0-1"]
[WhiteElo "1978"]
[BlackElo "1897"]
[PlyCount "66"]
[EventDate "2010.05.27"]
[EventType "swiss"]
[EventRounds "6"]
[EventCountry "ENG"]

1. c4 e6 2. Nc3 d5 3. d4 c6 4. c5 b6 5. cxb6 axb6 6. a3 Nf6 7. Bg5 Be7 8. Nf3
Nbd7 9. e3 O-O 10. Bd3 Ba6 11. O-O Bxd3 12. Qxd3 c5 13. Rfe1 Re8 14. Rac1 Qc8
15. e4 h6 16. Bh4 dxe4 17. Nxe4 Nxe4 18. Rxe4 Bxh4 19. Rxh4 Qb7 20. g4 cxd4 21.
g5 Nc5 22. Rxc5 bxc5 23. gxh6 g6 24. Qe2 f6 25. h7+ Kg7 26. Ng5 Qd5 27. Ne4 d3
28. Qf3 f5 29. Qe3 fxe4 30. Qh6+ Kf6 31. Rf4+ Ke5 32. Qg5+ Kd6 33. Qxg6 d2 0-1

[Event "Leicestershire County Championship"]
[Site "Wigston"]
[Date "2010.06.17"]
[Round "2"]
[White "Tate, Michael J"]
[Black "Robinson, John K"]
[Result "0-1"]
[WhiteElo "1882"]
[BlackElo "2014"]
[PlyCount "86"]
[EventDate "2010.05.27"]
[EventType "swiss"]
[EventRounds "6"]
[EventCountry "ENG"]

1. e4 Nf6 2. Nc3 d6 3. d4 g6 4. Be2 Bg7 5. h3 O-O 6. Nf3 Nbd7 7. O-O e5 8. Be3
b6 9. Qe1 Bb7 10. Bd3 exd4 11. Bxd4 Nc5 12. Bxc5 bxc5 13. Rd1 Nd7 14. Ne2 Re8
15. Nd2 Bc6 16. c3 Rb8 17. Rb1 Ne5 18. Bc2 Bb5 19. b3 Bd3 20. Qd1 Qe7 21. Bxd3
Nxd3 22. Qc2 Ne5 23. c4 Nc6 24. a3 f5 25. Nc3 Nd4 26. Qd3 fxe4 27. Ncxe4 Qh4
28. Kh1 Re7 29. Ng3 Rbe8 30. Nf3 Qf4 31. a4 Kh8 32. Ne1 Ne2 33. Nxe2 Rxe2 34.
Nf3 a5 35. Rfe1 Rxe1+ 36. Nxe1 Qxf2 37. Nf3 Re2 38. Rg1 Bd4 39. h4 Re3 40. Qf1
Qg3 41. Nh2 Kg7 42. h5 Be5 43. h6+ Kg8 0-1

[Event "Leicestershire County Championship"]
[Site "Wigston"]
[Date "2010.07.08"]
[Round "3"]
[White "Byron, Alan M"]
[Black "Farrall, David J"]
[Result "1-0"]
[WhiteElo "2194"]
[BlackElo "1855"]
[PlyCount "79"]
[EventDate "2010.05.27"]
[EventType "swiss"]
[EventRounds "6"]
[EventCountry "ENG"]

1. d4 d5 2. Nf3 Nf6 3. c4 c6 4. Nc3 e6 5. e3 Nbd7 6. Be2 dxc4 7. Bxc4 b5 8. Bd3
Bb7 9. O-O a6 10. e4 c5 11. d5 Qb6 12. dxe6 fxe6 13. e5 Nd5 14. Bg5 c4 15. Bb1
Nxc3 16. bxc3 Bc5 17. Nd4 Nxe5 18. Re1 Bxd4 19. cxd4 Nf7 20. Bh4 O-O 21. Be7
Rfe8 22. Bc5 Qc7 23. Qh5 Nh6 24. Re5 Qf7 25. Qe2 Bd5 26. Bc2 Qb7 27. f3 Rac8
28. Re1 a5 29. f4 Nf7 30. Rh5 Nh6 31. Bd6 Qf7 32. Be5 b4 33. Rg5 g6 34. h4 Nf5
35. h5 Nh4 36. hxg6 Nxg6 37. Qh5 Kf8 38. Bxg6 hxg6 39. Rxg6 Qb7 40. Bd6+ 1-0

[Event "Leicestershire County Championship"]
[Site "Wigston"]
[Date "2010.07.13"]
[Round "3"]
[White "Hewitt, Sean D"]
[Black "Booley, Graham M"]
[Result "1-0"]
[WhiteElo "1951"]
[BlackElo "1906"]
[PlyCount "101"]
[EventDate "2010.05.27"]
[EventType "swiss"]
[EventRounds "6"]
[EventCountry "ENG"]

1. e4 e5 2. Nc3 Nf6 3. Bc4 c6 4. Nf3 d6 5. O-O h6 6. d4 Bg4 7. dxe5 Bxf3 8.
Qxf3 dxe5 9. Be3 Nbd7 10. Rad1 Qc7 11. a3 Bc5 12. Rxd7 Qxd7 13. Bxc5 b6 14. Rd1
Qg4 15. Qxg4 Nxg4 16. f3 Nf6 17. Be3 O-O 18. Rd6 Rac8 19. Na2 Rfd8 20. Rxd8+
Rxd8 21. Bd3 Kf8 22. Nb4 Rd6 23. Kf2 Nd7 24. Be2 f6 25. Nd3 c5 26. c4 Nb8 27.
Nxc5 Nc6 28. Nb3 Nd4 29. Nxd4 exd4 30. Bd2 Kf7 31. Bf4 Rd7 32. Bd3 Ke6 33. Ke2
g5 34. Bg3 h5 35. Bc2 h4 36. Bf2 Ke5 37. Kd3 Rd8 38. Ba4 a5 39. Bc6 f5 40. exf5
Kxf5 41. Be4+ Ke5 42. Bd5 b5 43. Bxd4+ Kf4 44. Be3+ Ke5 45. Kc2 bxc4 46. Bxc4
Kf6 47. Bd3 Rg8 48. Bd4+ Ke7 49. h3 Rc8+ 50. Bc3 Ke6 51. Kd2 1-0

[Event "Leicestershire County Championship"]
[Site "Wigston"]
[Date "2010.07.01"]
[Round "3"]
[White "Potter, Karl H"]
[Black "Colburn, Paul"]
[Result "0-1"]
[WhiteElo "1897"]
[BlackElo "2010"]
[PlyCount "66"]
[EventDate "2010.05.27"]
[EventType "swiss"]
[EventRounds "6"]
[EventCountry "ENG"]

1. e4 Nf6 2. e5 Nd5 3. d4 d6 4. c4 Nb6 5. f4 dxe5 6. fxe5 Nc6 7. Be3 Bf5 8. Nc3
e6 9. Nf3 Be7 10. d5 exd5 11. cxd5 Nb4 12. Nd4 Bg6 13. Bb5+ Kf8 14. O-O Kg8 15.
Qg4 N4xd5 16. Bd2 Qc8 17. Nf5 Bc5+ 18. Kh1 Nxc3 19. Bxc3 Qe6 20. Rad1 c6 21.
Be2 Nd5 22. Bc4 h6 23. Bxd5 cxd5 24. Qf3 Rd8 25. h4 Kh7 26. h5 Bxf5 27. Qxf5+
Qxf5 28. Rxf5 Rhf8 29. Rdf1 d4 30. Bd2 Rd5 31. Rxf7 Rxf7 32. Rxf7 Rxe5 33. Rxb7
Rxh5+ 0-1

[Event "Leicestershire County Championship"]
[Site "Wigston"]
[Date "2010.07.08"]
[Round "3"]
[White "Robinson, John K"]
[Black "Morley, Andrew J"]
[Result "1/2-1/2"]
[WhiteElo "2014"]
[BlackElo "2058"]
[PlyCount "91"]
[EventDate "2010.05.27"]
[EventType "swiss"]
[EventRounds "6"]
[EventCountry "ENG"]

1. d4 Nf6 2. c4 g6 3. Nc3 Bg7 4. Bg5 c5 5. Nf3 O-O 6. e3 h6 7. Bh4 d6 8. Be2
Nbd7 9. Qc2 a6 10. Rd1 b6 11. a3 Bb7 12. d5 Qe8 13. Bg3 Nh5 14. O-O Nxg3 15.
hxg3 Bc8 16. Rfe1 Nf6 17. Rd2 Bd7 18. a4 Ng4 19. b3 f5 20. Bd3 g5 21. e4 f4 22.
e5 dxe5 23. Bg6 Qc8 24. Ne4 Bf5 25. Bxf5 Qxf5 26. d6 exd6 27. Rxd6 fxg3 28.
fxg3 Rab8 29. Qe2 Nf6 30. Nxf6+ Rxf6 31. Rxf6 Bxf6 32. Nd2 Rd8 33. Ne4 Bg7 34.
Rf1 Qe6 35. Rd1 Rd4 36. a5 Qc6 37. Nc3 bxa5 38. Nd5 Qb7 39. Qh5 Rxd1+ 40. Qxd1
e4 41. Kh2 Bd4 42. Qg4 Qf7 43. Qc8+ Kg7 44. Qg4 Qe8 45. Nf4 e3 46. Ne2 1/2-1/2

[Event "Leicestershire County Championship"]
[Site "Wigston"]
[Date "2010.07.08"]
[Round "3"]
[White "Salisbury, Michael W"]
[Black "Horspool, Philip J"]
[Result "1/2-1/2"]
[WhiteElo "2097"]
[BlackElo "2146"]
[PlyCount "140"]
[EventDate "2010.05.27"]
[EventType "swiss"]
[EventRounds "6"]
[EventCountry "ENG"]

1. e4 e5 2. Nf3 Nc6 3. Bc4 Nf6 4. d3 h6 5. O-O g6 6. c3 Bg7 7. Bb3 d6 8. h3 O-O
9. Re1 Kh7 10. Nbd2 Nh5 11. Nf1 Qf6 12. Ne3 Nf4 13. Nd5 Nxd5 14. Bxd5 Ne7 15.
Bb3 g5 16. Nh2 Ng6 17. Bc2 Kg8 18. Qh5 Nf4 19. Bxf4 gxf4 20. Ng4 Qg6 21. Qxg6
fxg6 22. f3 Bd7 23. Rad1 c5 24. Bb3+ Kh7 25. Bd5 Bc6 26. Bxc6 bxc6 27. c4 Rfb8
28. b3 Rb4 29. Rb1 Rab8 30. Re2 h5 31. Nf2 Bf6 32. Nd1 Bd8 33. Reb2 Ba5 34. Nc3
R4b7 35. Na4 g5 36. Kf2 Kg6 37. Rg1 Kf6 38. Rh1 Rg7 39. g4 fxg3+ 40. Kxg3 Rf8
41. Rf2 Ke6 42. Kg2 Kd7 43. Rhf1 Rf4 44. Kg1 Rh4 45. Kg2 Rf4 46. Kh1 Rgf7 47.
Kg2 Rh4 48. Kg3 Rhf4 49. Kg2 Kc7 50. Kg3 Kc8 51. Kg2 Rg7 52. Kh2 Rh4 53. Kg3
Bd8 54. Nc3 g4 55. fxg4 hxg4 56. hxg4 Rgxg4+ 57. Kf3 Rf4+ 58. Ke2 Rfg4 59. Rf3
Rg2+ 60. R1f2 Rg1 61. Rf1 Rh2+ 62. R3f2 Rxf2+ 63. Kxf2 Rg7 64. Nd1 Rf7+ 65. Ke2
Bg5 66. Ne3 Bf4 67. Nf5 Kc7 68. Rg1 a5 69. Rg7 Rxg7 70. Nxg7 Kd7 1/2-1/2

[Event "Leicestershire County Championship"]
[Site "Wigston"]
[Date "2010.07.08"]
[Round "3"]
[White "Sharpe, Graham"]
[Black "Ganger, Rajan"]
[Result "0-1"]
[WhiteElo "2178"]
[BlackElo "1935"]
[PlyCount "86"]
[EventDate "2010.05.27"]
[EventType "swiss"]
[EventRounds "6"]
[EventCountry "ENG"]

1. e4 c6 2. Nc3 d5 3. Nf3 Nf6 4. e5 Ne4 5. d4 Nxc3 6. bxc3 Bg4 7. h3 Bxf3 8.
Qxf3 e6 9. Bd3 c5 10. O-O Nc6 11. Rb1 Rb8 12. Bb5 Qc7 13. Ba3 c4 14. Bxf8 Kxf8
15. Bxc6 Qxc6 16. Rb4 h6 17. Rfb1 Qc7 18. Qe3 Kg8 19. Qc1 Kh7 20. Qa3 Rhf8 21.
Rxb7 Rxb7 22. Rxb7 Qxb7 23. Qxf8 Qb1+ 24. Kh2 Kg6 25. h4 h5 26. Qe7 Qxc2 27.
Qg5+ Kh7 28. Qxh5+ Kg8 29. Qg5 Qxc3 30. h5 Qd3 31. h6 Qg6 32. Qd8+ Kh7 33. hxg7
Kxg7 34. Qa5 Qc2 35. Qxa7 Qxf2 36. Qe7 Qf4+ 37. g3 Qf2+ 38. Kh3 Qf5+ 39. g4
Qf3+ 40. Kh4 Qf4 41. Kh3 c3 42. Qc5 Qf1+ 43. Kg3 Qd3+ 0-1

[Event "Leicestershire County Championship"]
[Site "Wigston"]
[Date "2010.07.01"]
[Round "3"]
[White "Tate, Michael J"]
[Black "Pattinson, John"]
[Result "1-0"]
[WhiteElo "1882"]
[BlackElo "1978"]
[PlyCount "75"]
[EventDate "2010.05.27"]
[EventType "swiss"]
[EventRounds "6"]
[EventCountry "ENG"]

1. e4 c5 2. Nf3 Nc6 3. d4 cxd4 4. Nxd4 e6 5. Be2 Nf6 6. Nxc6 bxc6 7. Qd3 Be7 8.
Nc3 a5 9. O-O O-O 10. Be3 Ba6 11. Qd2 Bxe2 12. Qxe2 d5 13. Rad1 Qc7 14. exd5
cxd5 15. Bd4 Nd7 16. Nxd5 exd5 17. Qxe7 Rfe8 18. Qg5 g6 19. Qxd5 Rad8 20. Bc3
Nc5 21. Qc4 Rxd1 22. Rxd1 Re4 23. Qd5 Kf8 24. Qa8+ Re8 25. Bg7+ Kxg7 26. Qxe8
Ne6 27. Qa4 Qe5 28. c3 Nf4 29. g3 Nh3+ 30. Kg2 Qf5 31. Qd4+ Kg8 32. Qe3 Ng5 33.
Rd8+ Kg7 34. Qd4+ Kh6 35. Qf4 Qh3+ 36. Kg1 Qe6 37. h4 Kg7 38. hxg5 1-0